Horrorfilme erraten mit Bildern - Statistiken

Allgemein
  • Dieses Quiz wurde 836 mal gespielt
  • Das Durchschnittsergebnis liegt bei 7 aus 16
Antwortstatistiken
Bildquiz Antwort % Korrekt
Stephen Kings Es
99%
Chucky
92%
Freitag der 13.
79%
A Nightmare on Elm Street II
69%
Conjuring 2
66%
The Shining
59%
Final Destination 2
47%
Get Out
46%
Happy Death Day
40%
Candyman
25%
Die Fliege
23%
Leprechaun
20%
Misery
19%
Das Omen
15%
The Others
9%
Düstere Legenden
3%
Keine übereinstimmenden Quizze gefunden
Verteilung der Resultate
Anzahl Personen mit jedem Resultat
Perzentil nach korrekt beantworteten Fragen
Ihre Resultats-Entwicklung
Sie haben dieses Quiz noch nicht gespielt